Grenzen überqueren #2 - Statistiken

Allgemein
  • Dieses Quiz wurde 9.243 mal gespielt
  • Das Durchschnittsergebnis liegt bei 20 aus 24
Antwortstatistiken
Starte in Gehe Richtung... Neues Land % Korrekt
Kanada Süden Vereinigte Staaten
100%
Schweden Osten Finnland
95%
Spanien Westen Portugal
92%
Andorra Norden Frankreich
91%
Liechtenstein Westen Schweiz
90%
Nordkorea Süden Südkorea
90%
Irak Osten Iran
89%
San Marino Irgendeine Richtung Italien
89%
Niederlande Osten Deutschland
88%
Nordmazedonien Süden Griechenland
86%
Jemen Norden Saudi-Arabien
86%
Tunesien Westen Algerien
85%
Kasachstan Norden Russland
85%
Papua-Neuguinea Westen Indonesien
82%
Paraguay Süden Argentinien
80%
Bhutan Süden Indien
78%
Ecuador Süden Peru
78%
Bangladesch Norden Indien
74%
Tschad Norden Libyen
74%
Kuwait Süden Saudi-Arabien
72%
Gambia Irgendeine Richtung Senegal
71%
Israel Westen Ägypten
69%
Panama Osten Kolumbien
69%
Togo Westen Ghana
68%
Keine übereinstimmenden Quizze gefunden
Verteilung der Resultate
Anzahl Personen mit jedem Resultat
Perzentil nach korrekt beantworteten Fragen
Ihre Resultats-Entwicklung
Sie haben dieses Quiz noch nicht gespielt